Ερευνα για τα κοινωνικά χαρακτηριστικά της απασχόλησης : τουρισμός και αγροτική πολυδραστηριότητα : μελέτη ΙΙΙ
Αποθηκεύτηκε σε:
| Κύριος συγγραφέας: | |
|---|---|
| Μορφή: | Βιβλίο |
| Γλώσσα: | Greek |
| Δημοσίευση: |
Αθήνα :
Εθνικό Κέντρο Κοινωνικών Ερευνών, Ερευνητική Ομάδα για την Απασχόληση ,
1991
|
| Σειρά: | Ερευνα για τα κοινωνικά χαρακτηριστικά της απασχόλησης ;
; μελέτη iii |
| Θέματα: | |
| Ετικέτες: |
Προσθήκη ετικέτας
Δεν υπάρχουν, Καταχωρήστε ετικέτα πρώτοι!
|
MARC
| LEADER | 00000cam a2200000 i 4500 | ||
|---|---|---|---|
| 001 | 1/19520 | ||
| 008 | 950403s1991 gr | ||| |||| ||gre|| | ||
| 020 | |a 9607093208 | ||
| 035 | |l 10021304 | ||
| 040 | |a GR-MY-UA |b gre |e aacr | ||
| 041 | 0 | |a gre | |
| 082 | 0 | |a 338.4791 | |
| 100 | 1 | |a Τσάρτας, Πάρις, |d 1956- | |
| 245 | 1 | 0 | |a Ερευνα για τα κοινωνικά χαρακτηριστικά της απασχόλησης : |b τουρισμός και αγροτική πολυδραστηριότητα : μελέτη ΙΙΙ / |c Πάρις Τσάρτας |
| 260 | |a Αθήνα : |b Εθνικό Κέντρο Κοινωνικών Ερευνών, Ερευνητική Ομάδα για την Απασχόληση , |c 1991 | ||
| 300 | |a 189 σ.; |b εικ., χαρτ.; |c 24 cm | ||
| 490 | 1 | |a Ερευνα για τα κοινωνικά χαρακτηριστικά της απασχόλησης |v ; μελέτη iii | |
| 504 | |a Περιέχει βιβλιογραφικές παραπομπές | ||
| 650 | 0 | 0 | |a Social sciences |x Research. |
| 650 | 0 | 0 | |a Farmers |z Greece. |
| 650 | 0 | 0 | |a Tourism |z Greece. |
| 650 | 0 | 0 | |a Farmers |x Supplementary employment |z Greece. |
| 650 | 0 | 0 | |a Tourism. |
| 830 | 0 | |a Ερευνα για τα κοινωνικά χαρακτηριστικά της απασχόλησης ; |v ; μελέτη iii | |
| 852 | |a INST |b CHIOS |e 19960701 |h 338.4791 ΤΣΑ |p 005200007403 |q 005200007403 |t BK |y 0 | ||
| 852 | |a INST |b CHIOS |e 19960701 |h 338.4791 ΤΣΑ |p 005200007440 |q 005200007440 |t BK |y 0 | ||
| 852 | |a INST |b CHIOS |e 19961115 |h 338.4791 ΤΣΑ |p 005200010949 |q 005200010949 |t BK |y 0 | ||
| 852 | |a INST |b CHIOS |e 20040129 |h 338.4791 ΤΣΑ |p 005200012774 |q 005200012774 |t BK |y 0 | ||
| 852 | |a INST |b CHIOS |e 20021204 |h 338.4791 ΤΣΑ |p 005200013539 |q 005200013539 |t BK |y 0 | ||
| 852 | |a INST |b CHIOS |e 20010809 |h 338.4791 ΤΣΑ |p 005200021028 |q 005200021028 |t BK |y 0 | ||
| 852 | |a INST |b LESVOS |e 19950403 |h 338.4791 ΤΣΑ |p 005100001883 |q 005100001883 |t BK |y 0 | ||
| 901 | |a BIBL2-2001-2 | ||
| 901 | |a BIBL2-2002-3 | ||
| 901 | |a BIBL2-2004-1 | ||